[Event "Edmonton CC-ch"]
[Site "Edmonton CAN"]
[Date "2020.01.16"]
[Round "1.2"]
[White "Brazeau, Rob"]
[Black "Miller, David"]
[Result "0-1"]
[WhiteElo "1822"]
[BlackElo "2250"]
[PlyCount "54"]
[EventDate "2020.01.09"]
[EventType "k.o."]
[EventRounds "4"]
[EventCountry "CAN"]

1. d4 Nf6 2. c4 g6 3. Nc3 Bg7 4. e4 O-O 5. Nf3 d6 6. Be2 e5 7. O-O exd4 8. Nxd4
Re8 9. f3 c6 10. Bg5 Nbd7 11. Qd2 Qb6 12. Be3 Nc5 13. Rfd1 Nh5 14. Kh1 f5 15.
exf5 gxf5 16. Rab1 a5 17. Bh6 Bf6 18. Bg5 Bg7 19. Bh6 Bf6 20. Bg5 Bh8 21. Bh6
Ng7 22. Qg5 Nce6 23. Nxe6 Rxe6 24. Qd2 Qf2 25. Bf4 Nh5 26. Ne4 fxe4 27. Be3 Qh4
0-1

[Event "Edmonton CC-ch"]
[Site "Edmonton CAN"]
[Date "2020.01.16"]
[Round "1.2"]
[White "Kalisvaart, Peter"]
[Black "MacLeod, Damon"]
[Result "0-1"]
[WhiteElo "2037"]
[BlackElo "1922"]
[PlyCount "60"]
[EventDate "2020.01.09"]
[EventType "k.o."]
[EventRounds "4"]
[EventCountry "CAN"]

1. d4 c5 2. d5 e5 3. dxe6 fxe6 4. e4 d5 5. e5 Nc6 6. Nf3 Qc7 7. Bf4 Nge7 8. c4
Ng6 9. Bg3 d4 10. Bd3 Bd7 11. O-O O-O-O 12. Re1 Be7 13. h4 Rdf8 14. Qd2 Rxf3
15. gxf3 Ncxe5 16. Be4 Bxh4 17. Na3 Rf8 18. Kg2 Bc6 19. Nb5 Qb8 20. Qe2 Bxg3
21. fxg3 Bxe4 22. fxe4 a6 23. Na3 Rf3 24. Qxf3 Nxf3 25. Kxf3 Ne5+ 26. Kg2 Nd3
27. Re2 Qe5 28. Rd1 Qh5 29. Red2 Ne5 30. Rf1 Ng4 0-1

[Event "Edmonton CC-ch"]
[Site "Edmonton CAN"]
[Date "2020.01.16"]
[Round "1.2"]
[White "Koperski, Dustin"]
[Black "Zeggelaar, Mike"]
[Result "1-0"]
[WhiteElo "1943"]
[BlackElo "2026"]
[PlyCount "47"]
[EventDate "2020.01.09"]
[EventType "k.o."]
[EventRounds "4"]
[EventCountry "CAN"]

1. e4 g6 2. d4 Bg7 3. Nc3 c5 4. Nf3 cxd4 5. Nxd4 Nc6 6. Be3 Nf6 7. f3 O-O 8. g4
Nxd4 9. Bxd4 Qa5 10. Qd2 Rb8 11. O-O-O b5 12. g5 Nh5 13. Kb1 Bxd4 14. Qxd4 Nf4
15. Qe5 Rb6 16. Qxf4 e6 17. Qe5 d5 18. exd5 Ra6 19. Bxb5 Rb6 20. Bc4 Bd7 21.
Ne4 f6 22. Nxf6+ Rxf6 23. Qxf6 Rb4 24. dxe6 1-0

[Event "Edmonton CC-ch"]
[Site "Edmonton CAN"]
[Date "2020.01.16"]
[Round "1.2"]
[White "Razzaq, Ali"]
[Black "Windram, James"]
[Result "1-0"]
[WhiteElo "1891"]
[BlackElo "2080"]
[PlyCount "71"]
[EventDate "2020.01.09"]
[EventType "k.o."]
[EventRounds "4"]
[EventCountry "CAN"]

1. Nf3 c5 2. g3 Nc6 3. Bg2 g6 4. O-O Bg7 5. c4 d6 6. Nc3 e6 7. a3 Nge7 8. Rb1
a5 9. d3 O-O 10. Bg5 h6 11. Bd2 Nd4 12. b4 axb4 13. axb4 cxb4 14. Nxd4 bxc3 15.
Bxc3 Qd7 16. Qb3 Nc6 17. Nxc6 bxc6 18. Bxg7 Kxg7 19. Qc3+ Kh7 20. Rb6 d5 21.
Qb4 Re8 22. Qc5 Ra6 23. Rfb1 Rxb6 24. Rxb6 Bb7 25. e4 dxc4 26. dxc4 Qd1+ 27.
Bf1 Ba8 28. Ra6 Qf3 29. Ra7 Rb8 30. Qe5 Rd8 31. Qxe6 Rf8 32. c5 Kg7 33. Qa2 Rd8
34. Rxa8 Rd4 35. Qb2 Qf6 36. Qb8 1-0

[Event "Edmonton CC-ch"]
[Site "Edmonton CAN"]
[Date "2020.01.16"]
[Round "1.2"]
[White "Reeve, Jeff"]
[Black "Ivanescu, Christian"]
[Result "1-0"]
[WhiteElo "2266"]
[BlackElo "1796"]
[PlyCount "59"]
[EventDate "2020.01.09"]
[EventType "k.o."]
[EventRounds "4"]
[EventCountry "CAN"]

1. e4 e6 2. d3 d5 3. Qe2 d4 4. f4 c5 5. Nf3 Nc6 6. g3 Qc7 7. Bg2 b5 8. a4 Qa5+
9. Bd2 Qa6 10. Na3 Qxa4 11. O-O Qa6 12. e5 Qb6 13. Ng5 Nh6 14. f5 Bd7 15. fxe6
fxe6 16. Qh5+ g6 17. Rxf8+ Rxf8 18. Qxh6 O-O-O 19. Nxh7 Rf5 20. Nf6 Nxe5 21.
Nxd7 Rxd7 22. Bf4 Rh5 23. Qf8+ Rd8 24. Qe7 Rd7 25. Qe8+ Rd8 26. Qxb5 Nd7 27.
Nc4 Qxb5 28. Nd6+ Kb8 29. Nxb5+ e5 30. Rxa7 1-0

[Event "Edmonton CC-ch"]
[Site "Edmonton CAN"]
[Date "2020.01.16"]
[Round "1.2"]
[White "Sequillion, Aaron"]
[Black "Ludwig, David"]
[Result "1-0"]
[WhiteElo "2191"]
[BlackElo "1843"]
[PlyCount "47"]
[EventDate "2020.01.09"]
[EventType "k.o."]
[EventRounds "4"]
[EventCountry "CAN"]

1. e4 Nf6 2. e5 Nd5 3. d4 d6 4. c4 Nb6 5. exd6 exd6 6. Nc3 Be7 7. Be3 O-O 8.
Bd3 Re8 9. Qh5 g6 10. Qf3 Nc6 11. O-O-O Nb4 12. Be2 c6 13. a3 Na6 14. g4 d5 15.
c5 Nd7 16. h4 Bf6 17. h5 b6 18. hxg6 fxg6 19. Nxd5 Bg7 20. Bc4 Kh8 21. Rxh7+
Kxh7 22. Qh3+ Kg8 23. Ne7+ Kf8 24. Nxg6# 1-0

[Event "Edmonton CC-ch"]
[Site "Edmonton CAN"]
[Date "2020.01.16"]
[Round "1.2"]
[White "Villavieja, Butch"]
[Black "Ivanescu, Mark"]
[Result "1-0"]
[WhiteElo "2125"]
[BlackElo "1888"]
[PlyCount "57"]
[EventDate "2020.01.09"]
[EventType "k.o."]
[EventRounds "4"]
[EventCountry "CAN"]

1. e4 e6 2. d4 d5 3. Nc3 Bb4 4. e5 Ne7 5. a3 Bxc3+ 6. bxc3 c5 7. Nf3 Nbc6 8. a4
Qa5 9. Bd2 Bd7 10. c4 Qc7 11. cxd5 Nxd5 12. c3 f6 13. Bb5 O-O-O 14. O-O a6 15.
Bxc6 Bxc6 16. Qe2 Rde8 17. Rfb1 Nb6 18. a5 Bxf3 19. Qxf3 Nc4 20. Be3 fxe5 21.
dxc5 Rhf8 22. Qe4 Nxe3 23. Qxe3 Rd8 24. Rb6 Rd5 25. c6 bxc6 26. Rxa6 Rb5 27.
Ra8+ Rb8 28. Rxb8+ Qxb8 29. Qc5 1-0

[Event "Edmonton CC-ch"]
[Site "Edmonton CAN"]
[Date "2020.01.16"]
[Round "1.2"]
[White "Young, Joseph"]
[Black "Ludwig, Michael"]
[Result "0-1"]
[WhiteElo "1842"]
[BlackElo "2187"]
[PlyCount "72"]
[EventDate "2020.01.09"]
[EventType "k.o."]
[EventRounds "4"]
[EventCountry "CAN"]

1. d4 d5 2. Nc3 Nf6 3. Bf4 e6 4. e3 Be7 5. Nf3 O-O 6. Bd3 a6 7. g4 c5 8. g5 Nh5
9. dxc5 Nxf4 10. exf4 Nc6 11. Rg1 g6 12. h4 Bxc5 13. Qe2 Nd4 14. Nxd4 Bxd4 15.
h5 Qc7 16. Qd2 Bg7 17. Rh1 Bd7 18. f3 Rfc8 19. Nd1 Bb5 20. Bxb5 axb5 21. hxg6
hxg6 22. c3 Ra4 23. Rh4 d4 24. Kf2 dxc3 25. bxc3 Bxc3 26. Nxc3 Qxc3 27. Qxc3
Rxc3 28. Rah1 Rxa2+ 29. Kg3 Kf8 30. Rh8+ Ke7 31. Rb8 Rc7 32. Rb1 Ra5 33. Rd1 b4
34. Rdd8 Rb5 35. Rf8 Rd7 36. Rbe8+ Kd6 0-1

[Event "Edmonton CC-ch"]
[Site "Edmonton CAN"]
[Date "2020.01.23"]
[Round "2.1"]
[White "Kalisvaart, Peter"]
[Black "Miller, David"]
[Result "0-1"]
[WhiteElo "2037"]
[BlackElo "2250"]
[PlyCount "78"]
[EventDate "2020.01.09"]
[EventType "k.o."]
[EventRounds "4"]
[EventCountry "CAN"]

1. c4 Nf6 2. Nc3 g6 3. g3 Bg7 4. Bg2 O-O 5. Nf3 d6 6. O-O e5 7. d3 Nbd7 8. Rb1
a5 9. a3 Nh5 10. b4 axb4 11. axb4 f5 12. Qb3 Kh8 13. Ng5 Ndf6 14. c5 dxc5 15.
bxc5 Qe7 16. c6 bxc6 17. Bxc6 Ra6 18. Bb5 Ra7 19. Bc4 h6 20. Nb5 Rb7 21. Ba3 c5
22. Ne6 Bxe6 23. Bxe6 Rxb5 24. Qxb5 Qxe6 25. Bxc5 Rc8 26. Rfc1 f4 27. Qb7 Rg8
28. Rb6 Qg4 29. Qf3 Qg5 30. h4 Qf5 31. e4 Qh3 32. Qg2 Qg4 33. Kh2 fxg3+ 34.
fxg3 Nf4 35. Qf1 Ne2 36. Bf2 Nxc1 37. Qxc1 Qf3 38. Qf1 Ng4+ 39. Kg1 Rf8 0-1

[Event "Edmonton CC-ch"]
[Site "Edmonton CAN"]
[Date "2020.01.23"]
[Round "2.1"]
[White "Reeve, Jeff"]
[Black "Zeggelaar, Mike"]
[Result "1-0"]
[WhiteElo "2266"]
[BlackElo "2026"]
[PlyCount "31"]
[EventDate "2020.01.09"]
[EventType "k.o."]
[EventRounds "4"]
[EventCountry "CAN"]

1. e4 c5 2. Nf3 d6 3. Bb5+ Nd7 4. a4 Ngf6 5. Qe2 a6 6. Bc4 e6 7. O-O Be7 8. Nc3
O-O 9. d3 Re8 10. Bg5 h6 11. Bf4 Nb6 12. Bb3 d5 13. a5 d4 14. axb6 dxc3 15. Bc7
cxb2 16. Ra2 1-0

[Event "Edmonton CC-ch"]
[Site "Edmonton CAN"]
[Date "2020.01.23"]
[Round "2.1"]
[White "Sequillion, Aaron"]
[Black "Windram, James"]
[Result "1-0"]
[WhiteElo "2191"]
[BlackElo "2080"]
[PlyCount "113"]
[EventDate "2020.01.09"]
[EventType "k.o."]
[EventRounds "4"]
[EventCountry "CAN"]

1. e4 c5 2. d4 cxd4 3. c3 dxc3 4. Nxc3 Nc6 5. Bc4 d6 6. Nf3 a6 7. O-O Nf6 8.
Be3 e6 9. Qe2 Be7 10. Rfd1 Qa5 11. a3 O-O 12. b4 Qc7 13. Rac1 Ng4 14. Bf4 Nge5
15. Bb3 Qb8 16. Nxe5 dxe5 17. Be3 Bd6 18. g3 Nd4 19. Bxd4 exd4 20. Rxd4 Be5 21.
Rd3 b5 22. f4 Bc7 23. h4 Qb6+ 24. Kh2 Bb7 25. e5 Rfd8 26. Bc2 Rac8 27. Rcd1 Bb8
28. Ne4 Bxe4 29. Rxd8+ Rxd8 30. Rxd8+ Qxd8 31. Qxe4 g6 32. h5 Kg7 33. Kh3 Ba7
34. Qb7 Qb6 35. h6+ Kf8 36. Qc8+ Ke7 37. Be4 Qd8 38. Qb7+ Qd7 39. Qxa6 g5 40.
Bc6 Qc7 41. Qxb5 gxf4 42. gxf4 Kf8 43. Qb7 Qxb7 44. Bxb7 f6 45. exf6 Bd4 46.
Be4 Kg8 47. b5 Bxf6 48. b6 Be7 49. b7 Bd6 50. Kg4 e5 51. fxe5 Bxe5 52. Kf5 Bb8
53. Ke6 Kf8 54. Bxh7 Bf4 55. Bg6 Kg8 56. Kd7 Kh8 57. Kc8 1-0

[Event "Edmonton CC-ch"]
[Site "Edmonton CAN"]
[Date "2020.01.23"]
[Round "2.1"]
[White "Villavieja, Butch"]
[Black "Ludwig, Michael"]
[Result "1-0"]
[WhiteElo "2125"]
[BlackElo "2187"]
[PlyCount "123"]
[EventDate "2020.01.09"]
[EventType "k.o."]
[EventRounds "4"]
[EventCountry "CAN"]

1. Nf3 d5 2. d4 Nf6 3. c4 e6 4. Nc3 Be7 5. Bg5 O-O 6. e3 h6 7. Bf4 c5 8. a3 Nc6
9. Be2 dxc4 10. Bxc4 b6 11. O-O Bb7 12. dxc5 Bxc5 13. Qc2 Qe7 14. Rad1 Rfd8 15.
Ba2 Bd6 16. Bxd6 Rxd6 17. Rxd6 Qxd6 18. Rd1 Qe7 19. Bb1 Rd8 20. h3 Rxd1+ 21.
Qxd1 Qd7 22. Qa4 Na5 23. Qf4 Nc6 24. Bc2 Kf8 25. Ba4 Qd8 26. Qc4 Ne7 27. Ne5
Qd6 28. Qf4 Qd8 29. Bb3 Ned5 30. Qd4 Qe7 31. Nxd5 Bxd5 32. Bxd5 Nxd5 33. e4 Nf6
34. Nc6 Qc7 35. Qc4 Qd7 36. Ne5 Qb7 37. f3 Nd7 38. Nd3 b5 39. Qb4+ Ke8 40. Kf1
Qb6 41. Ke2 a6 42. Qc3 a5 43. Qxg7 e5 44. Nxe5 Qe6 45. Nxd7 Qc4+ 46. Ke3 Qc1+
47. Kf2 Qd2+ 48. Kg3 Qxd7 49. Qxh6 Qc7+ 50. Qf4 Qc6 51. h4 Qc5 52. Kh2 b4 53.
axb4 Qxb4 54. Qe5+ Kf8 55. h5 Qe1 56. Qb8+ Ke7 57. Qg3 Qd2 58. Qe5+ Kf8 59. Qf6
Qc1 60. h6 Qc7+ 61. e5 Qc2 62. Qd8# 1-0

[Event "Edmonton CC-ch"]
[Site "Edmonton CAN"]
[Date "2020.01.30"]
[Round "2.2"]
[White "Ludwig, Michael"]
[Black "Villavieja, Butch"]
[Result "1/2-1/2"]
[WhiteElo "2187"]
[BlackElo "2125"]
[PlyCount "89"]
[EventDate "2020.01.09"]
[EventType "k.o."]
[EventRounds "4"]
[EventCountry "CAN"]

1. d4 Nf6 2. Bf4 e6 3. e3 c5 4. Nf3 Nc6 5. Nbd2 d5 6. c3 Qb6 7. Rb1 cxd4 8.
exd4 Be7 9. h3 Bd7 10. Bd3 Rc8 11. O-O O-O 12. Qe2 a6 13. Ne5 Nxe5 14. dxe5 Ne8
15. Qh5 f5 16. g4 Bb5 17. Bxb5 Qxb5 18. Nf3 g6 19. Qh6 fxg4 20. Nd4 Qd7 21.
hxg4 Bc5 22. Be3 Bxd4 23. Bxd4 Rf3 24. Kg2 Qf7 25. Rh1 Rf4 26. Qg5 Ng7 27. Rbf1
h5 28. f3 hxg4 29. fxg4 Rf8 30. Rxf4 Qxf4 31. Qxf4 Rxf4 32. Kg3 Rf8 33. Be3 Ne8
34. Bg5 Rf7 35. Rd1 b5 36. Kg2 Rc7 37. Kf3 Rc4 38. Rh1 Re4 39. Bf6 Nxf6 40.
exf6 g5 41. Rh5 Rf4+ 42. Kg3 Rxf6 43. Rxg5+ Kf7 44. Re5 Rf1 45. Re2 1/2-1/2

[Event "Edmonton CC-ch"]
[Site "Edmonton CAN"]
[Date "2020.01.30"]
[Round "2.2"]
[White "Miller, David"]
[Black "Kalisvaart, Peter"]
[Result "1/2-1/2"]
[WhiteElo "2250"]
[BlackElo "2037"]
[PlyCount "133"]
[EventDate "2020.01.09"]
[EventType "k.o."]
[EventRounds "4"]
[EventCountry "CAN"]

1. c4 Nc6 2. d4 d5 3. Nc3 Nf6 4. Nf3 e6 5. Bg5 Bb4 6. Ne5 h6 7. Nxc6 bxc6 8.
Bxf6 Qxf6 9. cxd5 exd5 10. e3 O-O 11. Bd3 c5 12. O-O c6 13. Rc1 c4 14. Bb1 Rb8
15. e4 Bxc3 16. bxc3 dxe4 17. Qc2 Bf5 18. f3 Rxb1 19. Qxb1 exf3 20. Rxf3 Bxb1
21. Rxf6 Be4 22. Rf4 f5 23. g4 g6 24. Re1 Rb8 25. Rf2 a5 26. h4 h5 27. gxh5
gxh5 28. Kh2 Kh7 29. Rg1 a4 30. Rg5 Kh6 31. Rg1 a3 32. Re1 Rb2 33. Kg1 Rb7 34.
Kh2 Rb2 35. Kg3 Kg6 36. Ree2 Rb1 37. Kf4 Kf6 38. Re3 Rg1 39. Rg3 Rh1 40. Ke3
Rxh4 41. Rf1 Rh2 42. Rfg1 f4+ 43. Kxf4 Bd3 44. R1g2 Rh4+ 45. Ke3 Re4+ 46. Kd2
h4 47. Rf3+ Ke6 48. Rg6+ Ke7 49. Rg7+ Ke6 50. Rg6+ Ke7 51. Rg7+ Ke6 52. Re3
Rxe3 53. Kxe3 h3 54. Rg5 Bb1 55. Rh5 Bxa2 56. Rxh3 Bb1 57. Rh6+ Kd7 58. Rh5 a2
59. Ra5 Kd6 60. Kf4 Ke6 61. Ke3 Kd6 62. Ra6 Kc7 63. d5 cxd5 64. Kd4 Kb7 65. Ra4
Kc6 66. Ra3 Be4 67. Rxa2 1/2-1/2

[Event "Edmonton CC-ch"]
[Site "Edmonton CAN"]
[Date "2020.01.30"]
[Round "2.2"]
[White "Windram, James"]
[Black "Sequillion, Aaron"]
[Result "1/2-1/2"]
[WhiteElo "2080"]
[BlackElo "2191"]
[PlyCount "134"]
[EventDate "2020.01.09"]
[EventType "k.o."]
[EventRounds "4"]
[EventCountry "CAN"]

1. e4 c5 2. Nf3 d6 3. d4 cxd4 4. Nxd4 Nf6 5. Nc3 a6 6. Be3 e5 7. Nb3 Be6 8. f3
Be7 9. Qd2 h5 10. Nd5 Nxd5 11. exd5 Bf5 12. c4 Nd7 13. Be2 h4 14. Rc1 Nc5 15.
Na5 h3 16. g3 e4 17. Bxc5 dxc5 18. Nxb7 Qb6 19. d6 Qxb7 20. dxe7 exf3 21. Bd1
Qxe7+ 22. Kf2 O-O 23. Bxf3 Rad8 24. Qf4 Qf6 25. Rc3 Rd4 26. Qe3 Rfd8 27. Re1
Bg4 28. Qe5 Rd2+ 29. Kg1 Qxe5 30. Rxe5 Bxf3 31. Rxf3 Rg2+ 32. Kf1 Rxh2 33. Rd5
Rxd5 34. cxd5 Rxb2 35. Kg1 h2+ 36. Kh1 Rxa2 37. Rc3 Kf8 38. Rxc5 Ke7 39. Rc7+
Ke8 40. d6 Rd2 41. Rc6 a5 42. Ra6 Kd7 43. Rxa5 Kxd6 44. Rg5 g6 45. Ra5 Ke6 46.
Rb5 f5 47. Rb6+ Kf7 48. Rb4 Re2 49. Ra4 Kg7 50. Rf4 Kh6 51. Rh4+ Kg5 52. Rf4
Kf6 53. Ra4 g5 54. Ra6+ Ke5 55. Rg6 Re1+ 56. Kxh2 g4 57. Ra6 Re2+ 58. Kg1 Ke4
59. Rf6 Kf3 60. Rxf5+ Kxg3 61. Rf1 Rg2+ 62. Kh1 Ra2 63. Kg1 Kh3 64. Rb1 g3 65.
Rc1 Rg2+ 66. Kh1 Rh2+ 67. Kg1 Rg2+ 1/2-1/2

[Event "Edmonton CC-ch"]
[Site "Edmonton CAN"]
[Date "2020.01.30"]
[Round "2.2"]
[White "Zeggelaar, Mike"]
[Black "Reeve, Jeff"]
[Result "0-1"]
[WhiteElo "2026"]
[BlackElo "2266"]
[PlyCount "58"]
[EventDate "2020.01.09"]
[EventType "k.o."]
[EventRounds "4"]
[EventCountry "CAN"]

1. e4 c5 2. Nf3 d6 3. d4 cxd4 4. Nxd4 Nf6 5. Nc3 g6 6. Be3 Bg7 7. f3 Nc6 8. Qd2
O-O 9. O-O-O d5 10. Nxc6 bxc6 11. exd5 Nxd5 12. Nxd5 cxd5 13. Qxd5 Qc7 14. Qxa8
Bf5 15. Qxf8+ Kxf8 16. Rd2 h5 17. Be2 Kg8 18. h3 Qe5 19. Bd4 Qe6 20. Bxg7 Qxa2
21. Rd8+ Kxg7 22. Rhd1 Qa1+ 23. Kd2 Qxb2 24. Bd3 Qb6 25. Rd5 Be6 26. Re5 a5 27.
Ke2 a4 28. Rb5 Qd4 29. c4 Bxc4 0-1

[Event "Edmonton CC-ch"]
[Site "Edmonton CAN"]
[Date "2020.02.06"]
[Round "3.1"]
[White "Miller, David"]
[Black "Sequillion, Aaron"]
[Result "1-0"]
[WhiteElo "2260"]
[BlackElo "2191"]
[PlyCount "103"]
[EventDate "2020.01.09"]
[EventType "k.o."]
[EventRounds "4"]
[EventCountry "CAN"]

1. e4 c5 2. Nf3 d6 3. d4 cxd4 4. Nxd4 Nf6 5. Nc3 a6 6. Bg5 e6 7. f4 Qc7 8. Qf3
Nbd7 9. O-O-O b5 10. Bd3 Bb7 11. Rhe1 O-O-O 12. a3 Kb8 13. Qg3 h6 14. Bh4 g5
15. fxg5 hxg5 16. Bxg5 Bh6 17. Bxh6 Rxh6 18. Ndxb5 axb5 19. Nxb5 Qc6 20. Qe3
Rh5 21. Qa7+ Kc8 22. Qa5 Qb6 23. Qxb6 Nxb6 24. Be2 Rxh2 25. Nxd6+ Kb8 26. Bf3
Rd7 27. Re3 Rxd6 28. Rxd6 Nc4 29. Rd8+ Kc7 30. Red3 Ne5 31. Rd1 Nxe4 32. Re8
Nxf3 33. gxf3 Ng5 34. Re7+ Kb6 35. f4 Be4 36. Rd6+ Kc5 37. Rd8 Nf3 38. b4+ Kb6
39. Rb8+ Kc6 40. Rc8+ Kd6 41. Rxf7 Ne1 42. Rfc7 Ng2 43. b5 Nxf4 44. b6 e5 45.
Rd8+ Ke6 46. a4 Ne2+ 47. Kb2 Nd4 48. Rdc8 Bd5 49. a5 e4 50. a6 Nb5 51. b7 Bxb7
52. axb7 1-0

[Event "Edmonton CC-ch"]
[Site "Edmonton CAN"]
[Date "2020.02.06"]
[Round "3.1"]
[White "Villavieja, Butch"]
[Black "Reeve, Jeff"]
[Result "1-0"]
[WhiteElo "2125"]
[BlackElo "2266"]
[PlyCount "87"]
[EventDate "2020.01.09"]
[EventType "k.o."]
[EventRounds "4"]
[EventCountry "CAN"]

1. e4 c5 2. Nf3 d6 3. d4 cxd4 4. Nxd4 Nf6 5. Nc3 g6 6. Be3 Bg7 7. f3 O-O 8. Qd2
Nc6 9. Bc4 Bd7 10. h4 Rc8 11. Bb3 Ne5 12. O-O-O Nc4 13. Bxc4 Rxc4 14. h5 Nxh5
15. Nb3 Ng3 16. Bh6 Nxh1 17. Rxh1 Bh8 18. Bxf8 Qxf8 19. Nd5 Be6 20. Nf4 Bg7 21.
Kb1 Qc8 22. c3 Ra4 23. Nxe6 Qxe6 24. g4 Qc4 25. g5 Qa6 26. Nc1 Qb5 27. Ka1 Qe5
28. Nb3 Qg3 29. Qe3 Be5 30. Rg1 Qh2 31. Nd4 Bf4 32. Qe1 Bd2 33. Qf1 Be3 34. Rh1
Qe5 35. Qh3 Bxd4 36. Qxh7+ Kf8 37. cxd4 Rxd4 38. f4 Qg7 39. Qh3 f5 40. gxf6
Qxf6 41. Qc8+ Kg7 42. Qh8+ Kf7 43. Rh7+ Ke6 44. Qc8# 1-0

[Event "Edmonton CC-ch"]
[Site "Edmonton CAN"]
[Date "2020.02.13"]
[Round "3.2"]
[White "Reeve, Jeff"]
[Black "Villavieja, Butch"]
[Result "0-1"]
[WhiteElo "2266"]
[BlackElo "2125"]
[PlyCount "98"]
[EventDate "2020.01.09"]
[EventType "k.o."]
[EventRounds "4"]
[EventCountry "CAN"]

1. e4 c5 2. Nf3 d6 3. Bb5+ Nd7 4. O-O Ngf6 5. Re1 a6 6. Bd3 g6 7. c3 Bg7 8. Bc2
O-O 9. d4 e5 10. dxc5 dxc5 11. a4 Qc7 12. Na3 Rd8 13. Qe2 Nf8 14. Nc4 Nh5 15.
a5 Rb8 16. Nb6 Ne6 17. Nd5 Qd6 18. Rd1 Qf8 19. g3 Bd7 20. Bd3 Bc6 21. Bc4 h6
22. h3 Kh7 23. Kh2 Rd6 24. Be3 Rbd8 25. Rd2 R6d7 26. Rad1 Kh8 27. Nh4 Qe8 28.
Ng2 f5 29. g4 Nhf4 30. Bxf4 Nxf4 31. Ndxf4 exf4 32. Rxd7 Rxd7 33. Rxd7 Qxd7 34.
exf5 f3 35. Qd3 Qxd3 36. Bxd3 Be5+ 37. Kg1 fxg2 38. fxg6 Bf4 39. Be2 Bc1 40. b3
Kg7 41. f3 Be3+ 42. Kxg2 Kxg6 43. Kg3 Bd2 44. c4 Bxa5 45. Bd3+ Kf6 46. f4 Be1+
47. Kh2 b6 48. Kg1 Bg3 49. f5 a5 0-1

[Event "Edmonton CC-ch"]
[Site "Edmonton CAN"]
[Date "2020.02.13"]
[Round "3.2"]
[White "Sequillion, Aaron"]
[Black "Miller, David"]
[Result "1-0"]
[WhiteElo "2260"]
[BlackElo "2191"]
[PlyCount "129"]
[EventDate "2020.01.09"]
[EventType "k.o."]
[EventRounds "4"]
[EventCountry "CAN"]

1. e4 e6 2. d4 d5 3. Nd2 c5 4. Ngf3 Nc6 5. exd5 exd5 6. dxc5 Bxc5 7. Nb3 Be7 8.
Be3 Nf6 9. Be2 O-O 10. O-O Qc7 11. Nfd4 Ne5 12. Nb5 Qb8 13. Qd4 Nc6 14. Qd2 Be6
15. Nc5 Bxc5 16. Bxc5 Ne4 17. Qe3 Nxc5 18. Qxc5 Qe5 19. Nc3 Nd4 20. Bd3 Rfc8
21. Qe7 Qf4 22. Rae1 Nc6 23. Qxb7 Rab8 24. Qa6 d4 25. Ne2 Qc7 26. b3 Nb4 27.
Qa3 Qb6 28. Qb2 Nxd3 29. cxd3 Bf5 30. Rd1 Qg6 31. Qxd4 Rd8 32. Qe5 Re8 33. Qg3
Rbd8 34. Qxg6 hxg6 35. Nc1 Rd4 36. Rfe1 Rc8 37. Rd2 Rcd8 38. Red1 a5 39. Ne2
Rxd3 40. Rxd3 Rxd3 41. Rxd3 Bxd3 42. Nc3 Kf8 43. f4 Ke7 44. Kf2 Kd6 45. Ke3 Bf1
46. g3 Kc5 47. a3 Bg2 48. Na4+ Kd5 49. Nb6+ Kc5 50. Nd7+ Kb5 51. Kd4 Bh3 52.
Ne5 Be6 53. Kc3 Bd5 54. b4 axb4+ 55. axb4 Be6 56. Nf3 Bd5 57. Nd4+ Ka4 58. g4
Ba2 59. h4 Bd5 60. f5 gxf5 61. Nxf5 g6 62. h5 gxh5 63. gxh5 Be4 64. Nd6 Bh7 65.
Nxf7 1-0

[Event "Edmonton CC-ch"]
[Site "Edmonton CAN"]
[Date "2020.02.20"]
[Round "4.1"]
[White "Sequillion, Aaron"]
[Black "Villavieja, Butch"]
[Result "0-1"]
[WhiteElo "2191"]
[BlackElo "2125"]
[PlyCount "172"]
[EventDate "2020.01.09"]
[EventType "k.o."]
[EventRounds "4"]
[EventCountry "CAN"]

1. e4 c5 2. d4 cxd4 3. c3 dxc3 4. Nxc3 Nc6 5. Bc4 g6 6. Nf3 Bg7 7. O-O d6 8.
Bf4 Nf6 9. h3 O-O 10. Qe2 Nd7 11. Rfd1 Nde5 12. Nxe5 Nxe5 13. Bb3 Be6 14. Nd5
Nc6 15. Rac1 Nd4 16. Qd3 Nxb3 17. Qxb3 Bxd5 18. Rxd5 Qd7 19. e5 Qf5 20. Qe3 Qe6
21. Rcd1 dxe5 22. Bxe5 f6 23. Bf4 Qxe3 24. Bxe3 Kf7 25. Rd7 b6 26. Rc1 Rfd8 27.
Rb7 Rdb8 28. Rd7 Bf8 29. Rcc7 a6 30. Ra7 Ke6 31. Rdb7 Rxb7 32. Rxa8 Kf7 33.
Rxa6 b5 34. Kf1 e5 35. f3 f5 36. Ke2 Be7 37. Kd3 Rd7+ 38. Kc2 Rc7+ 39. Kb3 Rd7
40. Kc2 e4 41. fxe4 fxe4 42. Ra7 Rxa7 43. Bxa7 Ke6 44. b3 b4 45. Kd2 Kd5 46.
Ke3 Bd8 47. Kf4 h6 48. Ke3 Bc7 49. Ke2 Bd6 50. Ke3 h5 51. Bb6 Be7 52. Ba7 Bg5+
53. Ke2 Bc1 54. Bb6 g5 55. Ba5 Kc5 56. Bd8 g4 57. hxg4 hxg4 58. Be7+ Kb5 59.
Bd6 Ba3 60. Be7 Kc6 61. Bf6 Kd6 62. Bg7 Ke6 63. Bd4 Kd5 64. Bf6 Kd6 65. Bg7 Ke6
66. Bd4 Kf5 67. Bc5 Ke5 68. Be7 Kf5 69. Bd6 Kf6 70. Bc5 Ke6 71. Bd4 Kd6 72. Bf6
Bc1 73. Bg7 Kc5 74. Bf8+ Kb5 75. Kf2 Bf4 76. Be7 Bh6 77. Bd6 Bd2 78. Kg3 Kc6
79. Bb8 e3 80. Bf4 Kd5 81. Kxg4 Ke4 82. Bg3 e2 83. Kh5 e1=Q 84. Bxe1 Bxe1 85.
g4 Bd2 86. Kg6 Kd3 0-1

[Event "Edmonton CC-ch"]
[Site "Edmonton CAN"]
[Date "2020.02.27"]
[Round "4.2"]
[White "Villavieja, Butch"]
[Black "Sequillion, Aaron"]
[Result "0-1"]
[WhiteElo "2125"]
[BlackElo "2191"]
[PlyCount "106"]
[EventDate "2020.01.09"]
[EventType "k.o."]
[EventRounds "4"]
[EventCountry "CAN"]

1. e4 c5 2. Nc3 a6 3. Nf3 b5 4. d4 cxd4 5. Nxd4 e6 6. Bd3 Qc7 7. O-O Nf6 8. Re1
Bb7 9. e5 b4 10. exf6 bxc3 11. fxg7 Bxg7 12. Qg4 Be5 13. bxc3 Nc6 14. Qh4 Rg8
15. g3 Ne7 16. Ba3 d6 17. Rab1 Ng6 18. Bxg6 hxg6 19. Re3 Rh8 20. Qg4 O-O-O 21.
Nf3 Qc6 22. c4 Rd7 23. c5 f5 24. Qxg6 f4 25. Reb3 fxg3 26. fxg3 Bd4+ 27. Kg2
dxc5 28. Rxb7 Rxb7 29. Rxb7 Kxb7 30. Qf7+ Kb6 31. Bc1 e5 32. Qb3+ Ka7 33. Qf7+
Qb7 34. Qf5 Rh7 35. h4 Rf7 36. Qg4 Qb5 37. Qe4 Qb1 38. Bg5 Qb7 39. Qg4 e4 40.
Nxd4 cxd4 41. Bf4 Qc6 42. Qd1 e3+ 43. Kh2 Qe4 44. Qe2 Rb7 45. Qc4 Rb5 46. a4
Qd5 47. Qf1 Rb4 48. Qd1 Qc4 49. Kh3 e2 50. Qe1 Rxa4 51. c3 Qe6+ 52. Kh2 Ra1 53.
Qf2 Rh1+ 0-1

[Event "Edmonton CC-ch"]
[Site "Edmonton CAN"]
[Date "2020.03.01"]
[Round "4.3"]
[White "Villavieja, Butch"]
[Black "Sequillion, Aaron"]
[Result "1-0"]
[WhiteElo "2125"]
[BlackElo "2191"]
[PlyCount "121"]
[EventDate "2020.01.09"]
[EventType "k.o."]
[EventRounds "4"]
[EventCountry "CAN"]

1. e4 c5 2. Nf3 d6 3. d4 cxd4 4. Nxd4 Nf6 5. Nc3 a6 6. f4 Qc7 7. Be2 e6 8. Bf3
Bd7 9. a4 Nc6 10. Be3 Be7 11. O-O O-O 12. Nb3 Na5 13. Nxa5 Qxa5 14. Qd2 Qc7 15.
a5 Bc6 16. Bb6 Qc8 17. Rfe1 Nd7 18. Bf2 Rb8 19. Na4 Bxa4 20. Rxa4 Qc6 21. b3
Rfc8 22. Re2 Qc3 23. Ba7 Ra8 24. Bd4 Qxd2 25. Rxd2 e5 26. Be3 Rc3 27. Kf2 Rac8
28. Ra2 Nb8 29. Bg4 Re8 30. Rd1 Nc6 31. Bd2 Rc5 32. Bd7 Rd8 33. Bxc6 Rxc6 34.
c4 g6 35. g4 exf4 36. Bxf4 Re8 37. Kf3 Bf8 38. Rad2 Rc5 39. Rd5 Rec8 40. R1d4
Bg7 41. Rd3 Bf8 42. h4 R8c6 43. h5 b6 44. axb6 Rxb6 45. Rxc5 dxc5 46. Ke2 Re6
47. Rd8 gxh5 48. gxh5 Rxe4+ 49. Kf3 Re6 50. Kg4 h6 51. Kf5 Rb6 52. Ra8 Re6 53.
Be5 Rb6 54. b4 cxb4 55. c5 Rc6 56. Bd6 b3 57. Rxf8+ Kg7 58. Rb8 a5 59. Rxb3 a4
60. Rg3+ Kh7 61. Kf6 1-0